| 000 | 00545nam a2200169 a 4500 | ||
|---|---|---|---|
| 005 | 20140412111247.0 | ||
| 008 | 010215s19uu xx 00 eng d | ||
| 020 | _a0-307-00456-2 | ||
| 050 |
_aER _bIc1 1989 |
||
| 100 | _aMaifair, Linda Lee | ||
| 245 |
_aI can't wait until Christmas / _cby Lind Lee Maifair ; illustrated by Joe Ewers. |
||
| 260 |
_aNew York : _bA Sesame Stree/Golden Press Book, _c1989. |
||
| 300 | _a1 v. (unp.) ; ill. | ||
| 650 | _aChristmas stories -- Fiction | ||
| 650 | _aChildrens stories -- Fiction | ||
| 999 |
_c102971 _d102971 |
||